<?xml version="1.0" encoding="UTF-8"?>
<record
    xmlns:xsi="http://www.w3.org/2001/XMLSchema-instance"
    xsi:schemaLocation="http://www.loc.gov/MARC21/slim http://www.loc.gov/standards/marcxml/schema/MARC21slim.xsd"
    xmlns="http://www.loc.gov/MARC21/slim">

  <leader>00708nac a22001571u 4500</leader>
  <controlfield tag="008">080901s1946    ua||||||r|||  001 0barad </controlfield>
  <datafield tag="082" ind1=" " ind2=" ">
    <subfield code="a">246</subfield>
    <subfield code="b">&#x631; &#x64A; &#x62F;</subfield>
    <subfield code="2">22</subfield>
  </datafield>
  <datafield tag="245" ind1=" " ind2=" ">
    <subfield code="a">&#x627;&#x628;&#x631;&#x627;&#x647;&#x64A;&#x645; &#x628;&#x646; &#x633;&#x64A;&#x627;&#x631; &#x627;&#x644;&#x646;&#x638;&#x627;&#x645; :</subfield>
    <subfield code="b">&#x648;&#x622;&#x631;&#x627;&#x624;&#x647; &#x627;&#x644;&#x643;&#x644;&#x627;&#x645;&#x64A;&#x629; &#x627;&#x644;&#x641;&#x644;&#x633;&#x641;&#x64A;&#x629; /</subfield>
    <subfield code="c">&#x62A;&#x623;&#x644;&#x64A;&#x641; &#x645;&#x62D;&#x645;&#x62F; &#x639;&#x628;&#x62F; &#x627;&#x644;&#x647;&#x627;&#x62F;&#x64A; &#x623;&#x628;&#x648; &#x631;&#x64A;&#x62F;&#x629;</subfield>
  </datafield>
  <datafield tag="260" ind1=" " ind2=" ">
    <subfield code="a">&#x627;&#x644;&#x642;&#x627;&#x647;&#x631;&#x629; :</subfield>
    <subfield code="b">&#x644;&#x62C;&#x646;&#x629; &#x627;&#x644;&#x62A;&#x623;&#x644;&#x64A;&#x641; &#x648;&#x627;&#x644;&#x62A;&#x631;&#x62C;&#x645;&#x629; &#x648;&#x627;&#x644;&#x646;&#x634;&#x631;&#x60C; 1946</subfield>
    <subfield code="c">1946.</subfield>
  </datafield>
  <datafield tag="300" ind1=" " ind2=" ">
    <subfield code="a">183 &#x635; &#x61B;</subfield>
    <subfield code="c">24 &#x633;&#x645; .</subfield>
  </datafield>
  <datafield tag="500" ind1=" " ind2=" ">
    <subfield code="a">&#x64A;&#x634;&#x62A;&#x645;&#x644; &#x639;&#x644;&#x649; &#x643;&#x634;&#x627;&#x641; &#x628;&#x627;&#x644;&#x623;&#x639;&#x644;&#x627;&#x645;</subfield>
  </datafield>
  <datafield tag="511" ind1=" " ind2=" ">
    <subfield code="a">Catalogued by: Sara</subfield>
  </datafield>
  <datafield tag="541" ind1=" " ind2=" ">
    <subfield code="a">&#x61B;&#x627;&#x644;&#x641; &#x628;&#x627;&#x621;</subfield>
    <subfield code="c">&#x634;&#x631;&#x627;&#x621; &#x61B;</subfield>
  </datafield>
  <datafield tag="650" ind1=" " ind2=" ">
    <subfield code="a">&#x627;&#x644;&#x62D;&#x631;&#x643;&#x627;&#x62A; &#x627;&#x644;&#x641;&#x643;&#x631;&#x64A;&#x629; &#x639;&#x646;&#x62F; &#x627;&#x644;&#x645;&#x633;&#x644;&#x645;&#x64A;&#x646;</subfield>
    <subfield code="9">13295</subfield>
  </datafield>
  <datafield tag="942" ind1=" " ind2=" ">
    <subfield code="c">BB</subfield>
    <subfield code="k">246 &#x631; &#x64A; &#x62F;</subfield>
    <subfield code="2">ddc</subfield>
  </datafield>
  <datafield tag="999" ind1=" " ind2=" ">
    <subfield code="c">6728</subfield>
    <subfield code="d">6728</subfield>
  </datafield>
  <datafield tag="952" ind1=" " ind2=" ">
    <subfield code="0">0</subfield>
    <subfield code="1">0</subfield>
    <subfield code="2">ddc</subfield>
    <subfield code="4">0</subfield>
    <subfield code="7">0</subfield>
    <subfield code="8">Alef-Baa</subfield>
    <subfield code="a">MAIN</subfield>
    <subfield code="b">MAIN</subfield>
    <subfield code="c">LOW</subfield>
    <subfield code="d">2011-02-16</subfield>
    <subfield code="e">purchase</subfield>
    <subfield code="o">246 &#x631; &#x64A; &#x62F;</subfield>
    <subfield code="p">000008381</subfield>
    <subfield code="r">2025-07-15 00:00:00</subfield>
    <subfield code="y">BB</subfield>
  </datafield>
</record>
